000 00281nam a22001337a 4500
008 180924b xxu||||| |||| 00| 0 eng d
020 _a9780130334459
041 _aeng
080 _a541
100 _a12
101 _aKIM
245 _aGeneral Chemistry
_cHill
942 _2udc
_cBK
999 _c48415
_d48415